Novela zákona o verejnom obstarávaní

Základné princípy a východiská novely zákona o verejnom obstarávaní.

Gespeichert in:
Bibliographische Detailangaben
1. Verfasser: Strapáč, Peter
Format: Buchkapitel
Sprache:Slowakisch
Schlagworte:
Tags: Tag hinzufügen
Keine Tags, Fügen Sie das erste Tag hinzu!

MARC

LEADER 00000naa a2200000 4500
001 0170068
005 20231208082942.3
041 0 |a slo 
044 |a SK 
245 1 0 |a Novela zákona o verejnom obstarávaní  |c Peter Strapáč 
520 |a Základné princípy a východiská novely zákona o verejnom obstarávaní. 
610 2 0 |a zákony 
610 2 0 |a Slovensko 
610 2 0 |a novelizácia 
610 2 0 |a obstarávanie verejné 
100 1 |a Strapáč, Peter